Meilleurs Buteurs par Coupes du Monde de Football (Mort subite) - Statistiques

Statistiques générales
  • Ce quiz a été pris 1 898 fois
  • Le résultat moyen est 4 sur 31
Answers on the Grid
Answers color-coded by a green-red scale on the quiz's grid according to % correct below.
Guillermo Stábile
Oldřich Nejedlý
Leônidas
Ademir
Sándor Kocsis
Just Fontaine
Garrincha
Vavá
Leonel Sánchez
Flórián Albert
Valentin Ivanov
Dražan Jerković
Eusébio
Gerd Müller
Grzegorz Lato
Mario Kempes
Paolo Rossi
Gary Lineker
Salvatore Schillaci
Hristo Stoichkov
Oleg Salenko
Davor Šuker
Ronaldo
Miroslav Klose
Wesley Sneijder
Thomas Müller
David Villa
Diego Forlán
James Rodríguez
Harry Kane
Kylian Mbappé
Johan Cruyff
Pelé
Diego Maradona
Michel Platini
Zinedine Zidane
Ferenc Puskás
Jürgen Klinsmann
David Trezeguet
Romario
Roberto Baggio
Marco Van Basten
Lionel Messi
Cristiano Ronaldo
Luka Modrić
Michael Laudrup
Erling Haaland
Vinicius Júnior
Lothar Matthäus
Roger Milla
 
Statistiques - réponses
Réponse % Correct
Kylian Mbappé
45%
Just Fontaine
31%
Gerd Müller
26%
Harry Kane
26%
Miroslav Klose
25%
Ronaldo
25%
Diego Forlán
18%
James Rodríguez
17%
Thomas Müller
16%
David Villa
14%
Eusébio
14%
Davor Šuker
13%
Paolo Rossi
13%
Gary Lineker
9%
Mario Kempes
9%
Hristo Stoichkov
8%
Salvatore Schillaci
8%
Grzegorz Lato
6%
Leônidas
6%
Oleg Salenko
6%
Garrincha
5%
Sándor Kocsis
5%
Wesley Sneijder
5%
Ademir
4%
Guillermo Stábile
4%
Vavá
4%
Flórián Albert
3%
Oldřich Nejedlý
3%
Dražan Jerković
2%
Leonel Sánchez
2%
Valentin Ivanov
2%
Aucun quiz correspondant
Distribution des résultats
% des personnes avec chaque résultat
Percentile par nombre de réponses
Votre historique - résultats
Vous n’avez pas pris ce quiz